000 00769cam a2200253 a 4500
005 20231003133806.0
008 190401s1997 mx a br 000 0 nai d
035 _aUPN01000229922
040 _aMX-MxUPN
_bspa
041 _anai
050 4 _aPM3831 Z4
_bS26 1997
100 1 _aSantiago T., Leocadio
_949555
100 1 _aMateos del A., Uzziel
_949556
245 1 0 _aAlfabeto huasteco de Veracruz
246 0 5 _aAlfabeto del idioma huasteco de Veracruz
250 _aPrimera edición
260 _aMéxico, D.F. :
_bInstituto Lingüístico de Verano,
_c1997.
300 _a[7] páginas :
_bilustraciones
650 7 _aHuasteco
_xAlfabeto
_2
_949557
902 _bVíctorGodínez/070723
905 _aFolleto
942 _2lcc
_cFOLL
999 _c202017
_d202017